00477 2200181 4500245007200000250001100072100001800083700002300101700002300124650001700147005001900164260003100183041001400214084001300228300003400241336000900275338001100284 aOnikimaru b : (Pedang Penakluk Iblis) Vol. 6cKei, KusunokihText aCet. 1 aKei, Kusunoki aFlorian Hutagalung aFebrian Anantasyah aKomik Jepang a20230203101301 aJakartabPT Gramediac2002 aIndonesia a741.5592 a... jil. :bilus. ;c17,5 cm. atext avolume